Efficiency change in North-East China agricultural sector : a DEA approach

Zmena výkonnosti v poľnohospodárskom sektore severo-východnej Číny - DEA prístup. Malmquistov index produktivity.

Saved in:
Bibliographic Details
Main Author: Liu, Shiwei
Format: Book Chapter
Language:English
Subjects:
Tags: Add Tag
No Tags, Be the first to tag this record!

MARC

LEADER 00000naa a2200000 4500
001 0212703
005 20231211071955.4
041 0 |a eng 
044 |a CZ 
245 1 0 |a Efficiency change in North-East China agricultural sector : a DEA approach  |c Shiwei Liu 
520 |a Zmena výkonnosti v poľnohospodárskom sektore severo-východnej Číny - DEA prístup. Malmquistov index produktivity. 
610 2 0 |a poľnohospodárstvo 
610 2 0 |a produkcia 
610 2 0 |a výkonnosť 
610 2 0 |a Čína 
610 2 0 |a analýza obaľovania dát 
100 1 |a Liu, Shiwei